Yu-Gi-Oh! ARC-V - Cartes signatures - Statistiques

Statistiques générales
  • Ce quiz a été pris 30 fois
  • Le résultat moyen est 10 sur 21
Statistiques - réponses
Indice Réponse % Correct
Assaut Aile Noire - Raikiri du Déluge Crow Hogan
100%
Grand Benkei Samouraï Supralourd Noboru Gongenzaka
100%
Chimère Frourreur Sora Shiunin
100%
Dragon Synchro de l'Aile de Cristal Yugo
100%
Dragon Xyz de la Rébellion des Ténèbres Yuto
100%
Monde Souriant Yuya Sakaki
100%
Ducrépustopique - HÉROS de la Destinée Edo Phoenix
92%
Z-ARC, Roi Suprême Zarc
92%
D/D/D César, Roi des Vagues Reiji Akaba
85%
Dragon Cipher aux Yeux Galactiques Kaito Tenjo
82%
Raidraptor - Faucon Satellite Shun Kurosaki
80%
Vrash Ange Cyber Asuka Tenjoin
79%
Chat Danseur de Clair de Lune Serena
79%
Lumicatrice Dragon Rouge Archdémon Jack Atlas
75%
Diva Fleur de la Choriste de la Musique Yuzu Hiragi
75%
Sorcièrevent - Hiver Clochette Rin
62%
Super Polymérisation Yuri
60%
Magicien Céleste Potartiste Yusho Sakaki
56%
Lyrilusc - Rossignol Assemblé Ruri Kurosaki
53%
Magicien Trapèze Mageartiste Dennis McField
50%
Chien de Chasse Rouages Ancients Obelisk Force
50%
Obusier Rouages Ancients Jean-Michel Roger
40%
Petite Fée Sayaka Sasayama
40%
Andabata, Bête Gladiateur Battle Beast
33%
Guêpe de Bataille - Hama l'Arc Conquérant Shinji Weber
31%
Maître Diamant, Chevalier-Gemmes Masumi Kotsu
30%
Beastborg Panther Predator* Barrett
27%
Gottoms, Sabre XX Yaiba Todo
27%
Aquactrice Arowana Ayu Ayukawa
25%
Pléiades de la Constellée Hokuto Shijima
25%
Mayosenju Daibak Shingo Sawatari
25%
Road Raven Red Queen* Yoko Sakaki
25%
Impératrice Amazonesse Gloria Tyler
23%
Fleur Cardian Légère Pluie Chojiro Tokumatsu
20%
Esprit de la Terre Servant Géo Grasha Sergey Volkov
20%
Tarotrayon, Princesse de la Prédiction Mieru Hochun
19%
Performachine Gadget Giant* Tatsuya Yamashiro
14%
Loupdefer Train Blindé Lourd Allen Kozuki
9%
Bête Gribouillage - Tyranno Futoshi Harada
9%
Shura, l'Étoile de Combat Isao Kachidoki
7%
Ligre Familier Amazonesse Grace Tyler
0%
Master Spirit Tech Force - Pendulum Ruler* Leo Akaba
0%
Aucun quiz correspondant
Distribution des résultats
% des personnes avec chaque résultat
Percentile par nombre de réponses
Votre historique - résultats
Vous n’avez pas pris ce quiz